000
00271nam a22001337a 4500
008
190222b xxu||||| |||| 00| 0 eng d
020
_a
0618820736
041
_a
eng
080
_a
510
100
_a
36
101
_a
MAT
245
_a
Algebra
_c
Aufmann
942
_2
udc
_c
BK
999
_c
54121
_d
54121